Pulpit eloquence of the nineteenth century.

Bibliographic Details
Main Author: Fish, Henry Clay, 1820-1877
Other Authors: Park, Edwards Amasa, 1808-1900
Format: Book
Language:English
Published: New York : Dodd, 1874.
Subjects:

MARC

Tag First Indicator Second Indicator Subfields
LEADER 00000cam a22000005 4500
001 in00003472001
005 20151206104348.0
008 781009s1874 xx 00000 eng d
035 |a (OCoLC)ocm04281956 
040 |a CSM  |c CSM  |d TNY  |d UtOrBLW 
090 |a BV4241  |b .F52 1874 
100 1 |a Fish, Henry Clay,  |d 1820-1877. 
245 1 0 |a Pulpit eloquence of the nineteenth century. 
264 1 |a New York :  |b Dodd,  |c 1874. 
300 |a xi,919p ;  |c 22cm 
336 |a text  |b txt  |2 rdacontent 
337 |a unmediated  |b n  |2 rdamedia 
338 |a volume  |b nc  |2 rdacarrier 
650 0 |a Sermons. 
700 1 |a Park, Edwards Amasa,  |d 1808-1900. 
999 |a MARS 
999 f f |s 84bf4e9c-b182-3e35-acec-23c0f90d714f  |i acfc087f-ac8f-3405-9149-1b61d638be70  |t 0 
952 f f |p ric  |a Texas A&M University  |b Rellis Campus  |c Joint Library Facility  |d Remote Storage  |t 0  |e BV4241 .F52 1874  |h Library of Congress classification  |i unmediated -- volume  |m 32060001504022 
998 f f |a BV4241 .F52 1874  |t 0  |l Remote Storage